El nacimiento de la civilización griega /
Guardado en:
| Autor Principal: | |
|---|---|
| Formato: | |
| Series: | La tradición de Occidente
|
| Materias: | |
| Etiquetas: |
Agregar Etiqueta
Sin Etiquetas, Sea el primero en etiquetar este registro!
|
| LEADER | 01100ngm a22003255g 4500 | ||
|---|---|---|---|
| 001 | CEM.cems022169 | ||
| 008 | 130507b1996##################0###0#####d | ||
| 005 | 20241007200207.0 | ||
| 245 | 1 | 0 | |a El nacimiento de la civilización griega / |c Eugen Weber. |
| 300 | |a 28'. | ||
| 490 | 0 | |a La tradición de Occidente | |
| 500 | |a En soporte VHS, consultar en ventanilla. | ||
| 505 | 0 | |a La Ilíada. La Odisea. El héroe homérico. Sentido de los juegos olímpicos. Humanización de los dioses. Guerras Persas. La acrópolis. El Partenón. Pericles. Demóstenes. | |
| 538 | |a Soporte: VHS - Norma: Pal N - Color - Grabación DRD 1996 - Hitachi=1495 | ||
| 100 | 1 | |a Weber, Eugen | |
| 082 | 9 | 3 | |/ WEB |
| 653 | |a HISTORIA | ||
| 653 | |a HISTORIA ANTIGUA | ||
| 653 | |a ILIADA | ||
| 653 | |a ODISEA | ||
| 653 | |a PERSAS | ||
| 653 | |a ACROPOLIS | ||
| 653 | |a PARTENON | ||
| 653 | |a PERICLES | ||
| 653 | |a DEMOSTENES | ||
| 653 | |a GUERRAS PERSAS | ||
| 653 | |a OLIMPIADAS | ||
| 653 | |a DIOSES GRIEGOS | ||
| 653 | |a NIVEL SECUNDARIO | ||
| 859 | |a CEMS |b BIB. CEMS - Depto. Recursos Didacticos |h 930 |i WEB |k DRD |p 812.12 |t Ej.1 | ||
